Statistics for Provinces of China Quiz

Click here to take the quiz!

General Stats

  • This quiz has been taken 31,363 times
  • The average score is 18 of 33

Answer Stats

Type Province % Correct
MunicipalityBeijing
93%
MunicipalityShanghai
87%
Autonomous RegionTibet
86%
Special RegionHong Kong
82%
Autonomous RegionInner Mongolia
77%
Special RegionMacau
69%
ProvinceHainan
66%
ProvinceSichuan
63%
ProvinceGuangdong
63%
Autonomous RegionXinjiang Uyghur
60%
MunicipalityTianjin
59%
ProvinceHunan
55%
ProvinceHubei
55%
ProvinceYunnan
52%
ProvinceHebei
52%
MunicipalityChongqing
50%
ProvinceShanxi
50%
ProvinceFujian
48%
ProvinceHenan
48%
ProvinceShandong
47%
ProvinceShaanxi
46%
Autonomous RegionGuangxi
45%
ProvinceHeilongjiang
45%
ProvinceGansu
44%
ProvinceAnhui
43%
ProvinceJilin
42%
ProvinceJiangsu
40%
ProvinceLiaoning
40%
ProvinceQinghai
40%
ProvinceZhejiang
39%
Autonomous RegionNingxia
37%
ProvinceJiangxi
36%
ProvinceGuizhou
35%

Score Distribution

Percentile by Number Answered

Percent of People with Each Score

Your Score History

You have not taken this quiz